000 00600nam a2200193 a 4500
001 000013338
005 20240412074238.0
008 091123s1997 dr a 000 i spa d
040 _aDO-SdBNP
_bspa
_cBNPHU
082 _aRD866.44
_bC965c
100 1 _aCuevas Hernández, Juan Pablo
_930535
245 1 4 _aLas cartas de tu ausencia /
_cJuan Pablo Cuevas.
260 _aSanto Domingo :
_bServicios Gráficos Integrados,
_c1997.
300 _a51 p. :
_bil. ;
_c20 cm.
650 4 _aCartas dominicanas
_914827
650 4 _aCartas de amor
_930536
650 0 _aLiteratura dominicana.
_967
049 _aBNPD
999 _c12966
_d12966